| 000 | 00649nam a2200229Ia 4500 | ||
|---|---|---|---|
| 003 | GCL | ||
| 008 | 140319s9999 xx 000 0 ara d | ||
| 040 |
_aGCL / _cGCL |
||
| 082 | 0 | 4 |
_a212.1 _bس ص |
| 100 | 1 | _aسعيد عبدالعظيم | |
| 245 | 1 | 0 |
_aالصدق منجاة / _cسعيد عبدالعظيم |
| 260 |
_a[S.N] : _bدار ابن القيم ، _c1993 |
||
| 300 | _a261 ص | ||
| 490 | _a | ||
| 650 | 0 | 4 | _aالاسلام |
| 650 | 0 | 4 | _aالاخلاق الاسلامية |
| 650 | 0 | 4 | _aالشريعة الاسلامية |
| 650 | 0 | 4 | _aالادب الاسلامى |
| 650 | 0 | 4 | _aالصدق |
| 650 | 0 | 4 | _aالكذب |
| 942 |
_2ddc _cBK |
||
| 999 |
_c28688 _d28688 |
||